Guess The Shoes Brand - Statistics

General Stats
  • This quiz has been taken 511 times
  • The average score is 4 of 6
Answer Stats
Picture Answer % Correct
Crocs
96%
Nike
93%
Converse
92%
Yeezy
74%
Balenciaga
66%
New balances
20%
No matching quizzes found
Score Distribution
Percent of People with Each Score
Percentile by Number Answered
Your Score History
You have not taken this quiz